| 000 | 00488nam a22001457a 4500 | ||
|---|---|---|---|
| 020 | _a9788181312570 | ||
| 082 |
_a823 _bBRI/P |
||
| 100 | _aBRITANNICA | ||
| 245 |
_aEARLY DISCOVERY _bPEOPLE AND PLACES |
||
| 260 |
_aUNITED KINGDOM _bENCYCLOPEDIA BRITANNICA _c2012 |
||
| 300 | _a56 | ||
| 520 | _aDISCOVER NEW THINGS ABOUT PEOPLE AND PLACES, LEARN NEW WORDS, PLAY SEARCH GAME, ANSWER FUN QUESTIONS | ||
| 650 |
_aDISCOVER INTERESTING THINGS ABOUT PEOPLE AND PLACES _zUNITED KINGDOM |
||
| 942 | _cBK | ||
| 999 |
_c242 _d242 |
||